00778nam a2200229 4500003000400000005001700004008004100021020001500062040001800077050001600095100003100111245019900142264002800341300001800369336002200387337002400409338002400433500003000457650003200487942001200519999001700531OSt20260530115257.0260421b1975 sp a|||| |||| 00| 0 eng d a3855040389 aICIbspacICI aTS171bS3481 aSchmittel, Wolfgang93065710aDesign Concept Realisationb Braun, citroen, miller, olivetti, sony, swissaircWolfgang schmittel ; collaborator Rudolf schomwandt ; translations m.j. scharer-wynne, english denise schai, french 1b Blumec1975aBarcelona a227 páginas atexto2rdacontent asin medio2rdamedia avolumen2rdacarrier a Ingles, aleman y frances 0a Diseño industrial915218 2ddccBK c12663d12663